000 00581nam a2200205Ia 4500
005 20250923145610.0
008 008 250917s9999 xx 000 0 eng d
037 _aTextual
040 _aDSWL
_beng
_cDSWL
041 _aeng
_2eng
084 _aS0bX8, N79
_qDSWL
100 _aDwivedi, R.S.
_9837008
245 0 _aHuman relations and organisational behavior
_c by R.S.Dwivedi
260 _aNew Delhi
_bDelhi Oxford
_c1979
300 _axvi,380 p.
365 _aINR
_b14.85
925 _g14.85
942 _cTEXL
_hS0bX8, N79
999 _c1453311
_d1453311